000 00487nam a2200169Ia 4500
003 OSt
005 20201001145604.0
008 190216s9999||||xx |||||||||||||| ||und||
040 _coclc
082 _a509
_bVEN/H
100 _aVenkatraman, R
_93353
245 0 _aHistory Of Science And Technology /
_cR Venkatraman
260 _bEnnes Publications,
_c1997.
_aUdumalpet:
300 _a268p
650 _aWorld History
942 _cBK
_2ddc
_h509
_iVEN/H
_k509
_mVEN/H
999 _c20698
_d20698